header

Holland House : (Record no. 129438)

MARC details
000 -LEADER
fixed length control field 01920nam a22004091i 4500
001 - CONTROL NUMBER
control field ebr10773030
003 - CONTROL NUMBER IDENTIFIER
control field CaPaEBR
006 - FIXED-LENGTH DATA ELEMENTS--ADDITIONAL MATERIAL CHARACTERISTICS--GENERAL INFORMATION
fixed length control field m o d
007 - PHYSICAL DESCRIPTION FIXED FIELD--GENERAL INFORMATION
fixed length control field cr cn|||||||||
008 - FIXED-LENGTH DATA ELEMENTS--GENERAL INFORMATION
fixed length control field 130805s2013 enka ob 001 0 eng d
020 ## - INTERNATIONAL STANDARD BOOK NUMBER
Cancelled/invalid ISBN 9781780764498 (hbk.)
International Standard Book Number 9780857721556 (e-book)
040 ## - CATALOGING SOURCE
Original cataloging agency CaPaEBR
Language of cataloging eng
Description conventions rda
-- pn
Transcribing agency CaPaEBR
043 ## - GEOGRAPHIC AREA CODE
Geographic area code e-uk-en
-- e-uk---
050 14 - LIBRARY OF CONGRESS CALL NUMBER
Classification number DA535
Item number .K45 2013eb
082 04 - DEWEY DECIMAL CLASSIFICATION NUMBER
Classification number 940.07
Edition number 23
100 1# - MAIN ENTRY--PERSONAL NAME
Personal name Kelly, Linda,
Dates associated with a name 1936-
245 10 - TITLE STATEMENT
Title Holland House :
Remainder of title a history of London's most celebrated salon /
Statement of responsibility, etc Linda Kelly.
264 #1 - PRODUCTION, PUBLICATION, DISTRIBUTION, MANUFACTURE, AND COPYRIGHT NOTICE
Place of production, publication, distribution, manufacture London ;
-- New York :
Name of producer, publisher, distributor, manufacturer I.B. Tauris,
Date of production, publication, distribution, manufacture, or copyright notice 2013.
300 ## - PHYSICAL DESCRIPTION
Extent 1 online resource (279 pages) :
Other physical details illustrations
336 ## - CONTENT TYPE
Content type term text
Source rdacontent
337 ## - MEDIA TYPE
Media type term computer
Source rdamedia
338 ## - CARRIER TYPE
Carrier type term online resource
Source rdacarrier
504 ## - BIBLIOGRAPHY, ETC. NOTE
Bibliography, etc Includes bibliographical references (pages [243]-246) and index.
588 ## - SOURCE OF DESCRIPTION NOTE
Source of description note Description based on print version record.
590 ## - LOCAL NOTE (RLIN)
Local note Electronic reproduction. Palo Alto, Calif. : ebrary, 2013. Available via World Wide Web. Access may be limited to ebrary affiliated libraries.
610 20 - SUBJECT ADDED ENTRY--CORPORATE NAME
Corporate name or jurisdiction name as entry element Holland House (London, England)
Corporate name or jurisdiction name as entry element Whig Party (Great Britain)
General subdivision History
Chronological subdivision 19th century.
650 #0 - SUBJECT ADDED ENTRY--TOPICAL TERM
Topical term or geographic name as entry element Salons
Geographic subdivision England
-- London
General subdivision History
Chronological subdivision 19th century.
651 #0 - SUBJECT ADDED ENTRY--GEOGRAPHIC NAME
Geographic name Great Britain
General subdivision Intellectual life
Chronological subdivision 19th century.
Geographic name London (England)
General subdivision Intellectual life
Chronological subdivision 19th century.
Geographic name Great Britain
General subdivision Politics and government
Chronological subdivision 1800-1837.
655 #0 - INDEX TERM--GENRE/FORM
Genre/form data or focus term Electronic books.
776 08 - ADDITIONAL PHYSICAL FORM ENTRY
Display text Print version:
Main entry heading Kelly, Linda,1936-.
Title Holland House : a history of London's most celebrated salon.
Place, publisher, and date of publication London : I.B. Tauris, 2013
Physical description xii, 259 pages, 8 unnumbered pages : illustrations ; 24 cm.
International Standard Book Number 9781780764498
Record control number (OCoLC)813861240
-- (DLC) 2013431537
797 2# - LOCAL ADDED ENTRY--CORPORATE NAME (RLIN)
Corporate name or jurisdiction name as entry element ebrary.
856 40 - ELECTRONIC LOCATION AND ACCESS
Uniform Resource Identifier <a href="http://site.ebrary.com/lib/rucke/Doc?id=10773030">http://site.ebrary.com/lib/rucke/Doc?id=10773030</a>
Public note An electronic book accessible through the World Wide Web; click to view

No items available.

© 2026 Rongo University
Contact us: librarian | system librarian | Rongo university